000 00585nam a2200193Ia 4500
003 LDD
008 181029s9999 xx 000 0 und d
020 _a9780195681130
_c595.00
040 _cLDD
100 _aMadan, T. N.
245 0 _aImages of the world
_bessays on religion, secularism, and culture
_cT. N. Madan
260 _aNew Delhi
_bOxford University press
_c2006
300 _axii, 398p.
365 _b595.00
901 _a4163
_b24-01-2008
902 _a12062
_b10-03-2008
_cF
_dGBH
_e31
903 _aDiscount-15
_bReqst by : Nita Mathur
942 _2ddc
_cBK
999 _c81072
_d81072